000 005310000a22001810004500
003 MACL
005 20211212121708.0
008 160304b xxu||||| |||| 00| 0 eng d
040 _cMACL
041 _aHindi
082 _a891.431GUP/P
100 _aश्रीमैथिलीशरण गुप्‍त
_941270
245 _aश्रीराम द्वापर
260 _bसाहित्‍य सदन
_aचिरगॉव
350 _a3
650 _aकविता
_942557
942 _cHIN
_k891.431
_2ddc
999 _c24914
_d24914